|
|
|
|
| LEADER |
01043nam a2200193Ia 4500 |
| 001 |
CTU_33442 |
| 008 |
210402s9999 xx 000 0 und d |
| 082 |
|
|
|a 495.922
|
| 082 |
|
|
|b Tr312/1997
|
| 100 |
|
|
|a Lê Hoàng Thủy Trinh
|
| 245 |
|
0 |
|a So sánh cách phân định từ loại của 3 tác giả: Nguyễn Tài Cẩn với " Ngữ pháp tiếng Việt - Tiếng - Từ ghép - Đoản ngữ "; Đinh Văn Đức với " Ngữ pháp tiếng Việt - Từ loại "; Lê Biên với " Tiếng Việt - Từ loại tiếng Việt hiện đại
|
| 245 |
|
0 |
|b Luận văn tốt nghiệp Đại học Sư phạm ngành Ngữ văn khóa 19
|
| 245 |
|
0 |
|c Lê Hoàng Thủy Trinh
|
| 260 |
|
|
|a Cần Thơ
|
| 260 |
|
|
|b Trường Đại học Cần Thơ, Khoa Sư phạm, Bộ môn Ngữ văn
|
| 260 |
|
|
|c 1997
|
| 650 |
|
|
|a vietnamese language
|
| 904 |
|
|
|i Nguyễn Quang Điền, 991029
|
| 980 |
|
|
|a Trung tâm Học liệu Trường Đại học Cần Thơ
|